ASOIAF Who Rode what Dragon - Statistics

General Stats
  • This quiz has been taken 1,599 times
  • The average score is 31 of 41
Answer Stats
Dragon Rider % Correct
Balerion Aegon I
99%
Sunfyre Aegon II
99%
Quicksilver Aegon Targaryen
99%
Stormcloud Aegon "the younger" Targaryen
99%
Caraxes Aemon Targaryen
97%
Meraxes Rhaenys Targaryen
96%
Meleys Rhaenys Targaryen "the Queen who never was"
95%
Balerion Viserys I
95%
Caraxes Daemon Targaryen
94%
Drogon Daenerys Targaryen
93%
Vhagar Aemond Targaryen
92%
Syrax Rhaenyra Targaryen
92%
Vhagar Visenya Targaryen
91%
Arrax Lucerys Velaryon
88%
Balerion Maegor I
87%
Shrykos Jaehaerys Targaryen
86%
Vermithor Jaehaerys I
85%
Moondancer Baela Targaryen
82%
Vermax Jacaerys Velaryon
81%
Seasmoke Laenor Velaryon
81%
Vhagar Laena Velaryon
80%
Dreamfyre Rhaena Targaryen
80%
Morning Rhaena Targaryen
80%
Dreamfyre Helaena Targaryen
79%
Tyraxes Joffrey Velaryon
79%
Tessarion Daeron Targaryen
78%
Sheepstealer Nettles
68%
Silverwing Alysanne Targaryen
67%
Quicksilver Aenys I
66%
Vhagar Baelon Targaryen
66%
Vermithor Hugh Hammer
66%
Seasmoke Addam Velaryon
65%
Meleys Alyssa Targaryen
62%
Silverwing Ulf the White
60%
Balerion Aerea Targaryen
55%
Morghul Jaehaera Targaryen
54%
The Cannibal None
40%
Grey Ghost None
40%
Rhaegal None
40%
Viserion None
40%
The Last Dragon None
40%
No matching quizzes found
Score Distribution
Percent of People with Each Score
Percentile by Number Answered
Your Score History
You have not taken this quiz